000 00763nam a22002057a 4500
999 _c12682
_d12682
003 AR-CdUCM
008 190409b ||||| |||| 00| 0 spa d
040 _aMUNICIPALIDAD PROVINCIAL DEL CUSCO
_cBIBLIOTECA MUNICIPAL DEL CUSCO
082 _a348.602 /
_bM26
100 _a Martinez, G.
_930671
245 _aManual y leyes del obrero : Todas las leyes y reglamentos del obrero peruano en general /
260 _a Lima :
_b Mercurio.
300 _a288 páginas ;
_c19 cm.
505 _aContenido : Preliminares -- La libertad de reunión -- ¿Como debería de organizarse el sindicato? -- Garantías constitucionales ...
650 _aNormas
_915859
650 _aLeyes
_94808
650 _aObrero
_930308
942 _2ddc
_cLIBROS
945 _arah
_d09/04/2019